[Event "Barcelona Sant Marti op-B 18th"]
[Site "Barcelona"]
[Date "2016.07.16"]
[Round "4.44"]
[White "Tsulaia, Mariam"]
[Black "Romero Funieles, Rafael de Jesus"]
[Result "1/2-1/2"]
[WhiteElo "1588"]
[BlackElo "1774"]
[PlyCount "102"]
[EventDate "2016.07.13"]
[EventType "swiss"]
[EventRounds "9"]
[EventCountry "ESP"]
[SourceTitle "EXT 2024"]
[Source "ChessBase"]
[SourceDate "2023.10.10"]
[SourceVersion "1"]
[SourceVersionDate "2023.10.10"]
[SourceQuality "1"]

1. e4 e6 2. Nf3 c5 3. Be2 Nf6 4. e5 Nd5 5. c4 Nf4 6. 0-0 Nc6 7. d3 Ng6 8. b3 Ncxe5 9. Bb2 Nxf3+ 10. Bxf3 Nh4 11. Nd2 Rb8 12. Ne4 b6 13. d4 Bb7 14. d5 a5 15. Re1 Nf5 16. Bg4 Nd6 17. Be5 Nxe4 18. Bxb8 Nxf2 19. Kxf2 Qxb8 20. dxe6 dxe6 21. h3 Be7 22. Qd3 0-0 23. Kg1 Rd8 24. Qe2 h6 25. Rad1 Bf6 26. Bf3 Bd4+ 27. Kh1 Bc8 28. Qe4 Ba6 29. a4 Qg3 30. Qc6 Rb8 31. Qe4 Bc3 32. Re3 Bd4 33. Red3 Qg5 34. Bg4 Bb7 35. Qe2 e5 36. Bf3 Bc8 37. Bd5 Bd7 38. Rf1 Rf8 39. Rdf3 Be8 40. Qd3 e4 41. Qxe4 Bf6 42. Qd3 Kh8 43. Rg3 Qe5 44. Re3 Qc7 45. Rfe1 Bd7 46. Qe2 Bg5 47. Re5 Bf6 48. Rh5 Qg3 49. Rf1 Bg5 50. Rf3 Qd6 51. Qf2 f5 1/2-1/2

[Event "EU-ch U14 Girls"]
[Site "Batumi"]
[Date "2010.09.21"]
[Round "2"]
[White "Tsulaia, Mariam"]
[Black "Boyarchenko, Vlada"]
[Result "0-1"]
[WhiteElo "1447"]
[BlackElo "1688"]
[PlyCount "90"]
[EventDate "2010.09.20"]
[EventType "swiss"]
[EventRounds "9"]
[EventCountry "GEO"]
[SourceTitle "CBM 138 Extra"]
[Source "ChessBase"]
[SourceDate "2010.10.29"]
[SourceVersion "1"]
[SourceVersionDate "2010.10.29"]
[SourceQuality "1"]

1. e4 c5 2. Nf3 a6 3. d4 cxd4 4. Nxd4 Nf6 5. Nc3 e5 6. Nb3 Bb4 7. f3 Bxc3+ 8. bxc3 d6 9. Be3 Be6 10. Be2 Qc7 11. Qd2 0-0 12. Rd1 Rd8 13. 0-0 Nc6 14. Kh1 Ne7 15. Bg5 Ne8 16. f4 f6 17. Bh4 Rac8 18. Be1 d5 19. Qe3 dxe4 20. Qxe4 Nd5 21. fxe5 fxe5 22. Bd3 Nef6 23. Qh4 Ne3 24. Rxf6 gxf6 25. Qg3+ Ng4 26. h3 e4 27. Qxc7 Rxc7 28. hxg4 exd3 29. Rxd3 Re8 30. Bh4 Kg7 31. g5 fxg5 32. Bxg5 Rec8 33. Bf4 Rf7 34. Be5+ Kg6 35. Nd4 Re7 36. Rg3+ Kf7 37. Rg7+ Ke8 38. Nxe6 Rxe6 39. Bd4 Re7 40. Rxe7+ Kxe7 41. Kh2 Kd6 42. Kg3 Kd5 43. Kh4 Kc4 44. Kh5 Rc6 45. g4 Kd5 0-1